Captain America: Civil War Cast - Sudden Death - Statistics

General Stats
  • This quiz has been taken 339 times
  • The average score is 5 of 13
Answers on the Grid
Answers color-coded by a green-red scale on the quiz's grid according to % correct below.
Chris Evans
Edward Norton
Tom Sizemore
Harold Ramis
Martin Freeman
Karyn Parsons
Paul Bettany
Bai Ling
Hayley Atwell
Cate Blanchett
Mark Ruffalo
Danny Elfman
Don Cheadle
Elizabeth Olsen
Jeremy Renner
Peter Weller
Cobie Smulders
Marisa Tomei
Chadwick Boseman
Sebastian Stan
Geraldine Chaplin
Chris Hemsworth
Peter Fonda
Scarlett Johansson
Samuel L. Jackson
Tom Holland
Anthony Mackie
Angela Bassett
Sam Elliott
Robert Downey Jr.
 
Answer Stats
Answer % Correct
Chris Evans
97%
Paul Bettany
47%
Don Cheadle
40%
Elizabeth Olsen
39%
Tom Holland
36%
Robert Downey Jr.
35%
Scarlett Johansson
35%
Sebastian Stan
35%
Jeremy Renner
34%
Chadwick Boseman
31%
Anthony Mackie
26%
Martin Freeman
23%
Marisa Tomei
17%
No matching quizzes found
Score Distribution
Percent of People with Each Score
Percentile by Number Answered
Your Score History
You have not taken this quiz